Flugzeug, Flughafen und Airline Quiz - Statistiken

Allgemein
  • Dieses Quiz wurde 2.557 mal gespielt
  • Das Durchschnittsergebnis liegt bei 7 aus 15
Antwortstatistiken
Frage Antwort % Korrekt
Welches ist das größte Passagierflugzeug der Welt Airbus A380
94%
In welcher Stadt liegt der JFK International Airport? New York City
81%
Welche Airline ist bekannt dafür, oft nicht smooth landen zu können? Ryanair
81%
Welches ist das größte Mysterium der Luftfahrtgeschichte Malaysia Airlines Flug MH370
69%
Welcher ist der größte Flughafen der Welt? Hartsfield-Jackson Atlanta Intl. Airport
62%
Welches ist das schnellste Flugzeug (Passagier & Militärflugzeuge) Lockheed Blackbird SR-71
61%
Welches ist das größte Unglück der Luftfahrtgeschichte (Anzahl der Todesopfer)? Tenerife Airport Disaster, (Boeing 747 KLM 4805, Boeing 747 PanAm 1736)
61%
Wie heißt das System, welches Piloten vor Verkehr in der Luft warnt? TCAS
56%
Welche Airline hat die meisten Flugzeuge? (Stand 27. Juni 2020) American Airlines (USA)
55%
Was ist die Höchstgeschwindigkeit einer Boeing 747-8 (schnellstes Passagierflugzeug) 1060 km/h / 572 Knoten
30%
Welcher Airport hat das Kürzel/den ICAO Code KATL Atlanta Hartsfield-Jackson Intl. Airport, USA
27%
Welcher ist der KLEINSTE Flughafen der Welt J.Yrausquin Airport (Saba Airport)
25%
Welches ist das größte Flugzeug (Flugboote eingeschlossen) das jemals existiert hat? Ekranoplan KM 1.0
14%
Welche war die erste Mid-Air-Collision der Luftfahrtgeschichte? TWA (Martin 2-0-2), Privatflugzeug
13%
Welche ist die größte Airline weltweit? (Stand 2022) Southwest Airlines
10%
Keine übereinstimmenden Quizze gefunden
Verteilung der Resultate
Anzahl Personen mit jedem Resultat
Perzentil nach korrekt beantworteten Fragen
Ihre Resultats-Entwicklung
Sie haben dieses Quiz noch nicht gespielt